000 00936nam a2200265 u 4500
005 20240924064718.0
008 161109s2014 es r 000 0 spa d
020 _a9788499215310
035 _aUPN01000214636
049 _aCG
050 4 _aLB1725 E5
_bM3.6
100 1 _aMajoral Clapés, Silvia,
_d1960-
_940102
245 1 0 _aSiguiendo el hilo de las propuestas de los niños y las niñas /
_cSilvia Majoral ; tr. Manuel León Urrutia.
260 _aBarcelona, Esp. :
_bOctaedro,
_c2014.
300 _a109 p.
_bil.
440 0 _aTemas de infancia ;
_v33.
_pEducar de 0 a 6 años
534 _pTítulo original:
_tSeguint el fil de les propostes dels infants
650 4 _aMAESTROS EN SERVICIO, FORMACION DE -
_zESPAÑA
_9878
650 4 _aEducación
_xPlanificación
_91146
650 4 _aPrácticas de la enseñanza
_92849
650 4 _aEducación preescolar
_91517
905 _aLibro
999 _c186736
_d186736